Online katalóg knižníc regiónu Turca

Syn človeka (Record no. 22750)

MARC details
000 -LEADER
fixed length control field 00799nam a2200277 a 4500
001 - CONTROL NUMBER
control field 22750
003 - CONTROL NUMBER IDENTIFIER
control field SK-KTurca
005 - DATE AND TIME OF LATEST TRANSACTION
control field 20260422162919.0
008 - FIXED-LENGTH DATA ELEMENTS--GENERAL INFORMATION
fixed length control field 060711s1975 xo g || 1 slo c
035 ## - SYSTEM CONTROL NUMBER
System control number UKB000287814
040 ## - CATALOGING SOURCE
Original cataloging agency BAA001
Language of cataloging slo
Transcribing agency BAA001
Description conventions AACR2
041 1# - LANGUAGE CODE
Language code of text/sound track or separate title slo
Language code of original spa
044 ## - COUNTRY OF PUBLISHING/PRODUCING ENTITY CODE
MARC country code xo
ISO country code SK
100 1# - MAIN ENTRY--PERSONAL NAME
Personal name Roa Bastos, Augusto,
Dates associated with a name 1917-2005
240 1# - UNIFORM TITLE
Uniform title Hijo de hombre.
Language of a work Slovensky
245 10 - TITLE STATEMENT
Title Syn človeka
Statement of responsibility, etc. Augusto Roa Bastos ; zo špan. orig. prel. a dosl. nap. V. Oleríny
250 ## - EDITION STATEMENT
Edition statement 1. vyd.
260 ## - PUBLICATION, DISTRIBUTION, ETC.
Place of publication, distribution, etc. Bratislava
Name of publisher, distributor, etc. Pravda
Date of publication, distribution, etc. 1975
300 ## - PHYSICAL DESCRIPTION
Extent 340 s.
490 1# - SERIES STATEMENT
Series statement Členská knižnica
500 ## - GENERAL NOTE
General note Frontsp.
650 07 - SUBJECT ADDED ENTRY--TOPICAL TERM
Topical term or geographic name entry element literatúra paraguajská
700 1# - ADDED ENTRY--PERSONAL NAME
Personal name Oleríny, Vladimír,
Dates associated with a name 1921-2016
Relationship trl
-- aft
830 #0 - SERIES ADDED ENTRY--UNIFORM TITLE
Uniform title Členská knižnica
942 ## - ADDED ENTRY ELEMENTS (KOHA)
Source of classification or shelving scheme Dewey Decimal Classification
Koha item type Krásna literatúra pre dospelých
Suppress in OPAC No
Holdings
Stav vyradenia Strata Poškodenie Spôsob nadobudnutia Domovská knižnica Aktuálna knižnica Dátum nadobudnutia Total checkouts Čiarový kód exemplára Date last seen Typ exemplára
      Dar Obecná knižnica Folkušová Obecná knižnica Folkušová 22.04.2026   4734401079 22.04.2026 Krásna literatúra pre dospelých
Projekt je podporený Slovenskou asociáciou knižníc
Prevádzkuje Turčianska knižnica Martin 2026